Jurisprudencia administrativa española. (Record no. 2454)

MARC details
000 -LEADER
campo de control de longitud fija 00762nas a2200217 i 4500
001 - NÚMERO DE CONTROL
campo de control 2454
003 - IDENTIFICADOR DE NÚMERO DE CONTROL
campo de control ES-MaACL
005 - FECHA Y HORA DE LA ÚLTIMA TRANSACCIÓN
campo de control 20250217134633.0
007 - CAMPO FIJO DE DESCRIPCIÓN FÍSICA--INFORMACIÓN GENERAL
campo de control de longitud fija t|
008 - DATOS DE LONGITUD FIJA--INFORMACIÓN GENERAL
campo de control de longitud fija 950801d18801893sp | | 1 ||pa d
080 ## - NÚMERO DE LA CLASIFICACIÓN DECIMAL UNIVERSAL
Número de la Clasificación Decimal Universal 460
245 00 - MENCIÓN DEL TÍTULO
Título Jurisprudencia administrativa española.
260 ## - PUBLICACIÓN, DISTRIBUCIÓN, ETC.
Lugar de publicación, distribución, etc. Madrid :
Nombre del editor, distribuidor, etc. Revista de los Tribunales (Góngora,
Fecha de publicación, distribución, etc. 1880-1893.
300 ## - DESCRIPCIÓN FÍSICA
Extensión 9 v. ;
Dimensiones 24 cm.
500 ## - NOTA GENERAL
Nota general Fundida con los demás repertorios de jurisprudencia publicados por la Revista de los tribunales para formar : Repertorio de jurisprudencia española. 1894.
650 ## - PUNTO DE ACCESO ADICIONAL DE MATERIA--TÉRMINO DE MATERIA
Término de materia o nombre geográfico como elemento de entrada Legislación administrativa.
9 (RLIN) 14074
785 07 - ENTRADA/ENLACE A UN TÍTULO POSTERIOR
Encabezamiento principal Repertorios de jurisprudencia española
Lugar, editor y fecha de publicación 1 ene. 1894
852 ## - LOCALIZACIÓN
Ubicación ES-MaACL
Número de control de estantería C-13322-30
866 #0 - MENCIÓN TEXTUAL DE FONDOS--UNIDAD BIBLIOGRÁFICA BÁSICA
Fondos 1885-93.
Holdings
Estatus retirado Estado de pérdida Estado de daño No para préstamo Colección Biblioteca de origen Biblioteca actual Ubicación en estantería Fecha de adquisición Fuente de adquisición Total de préstamos Signatura topográfica completa Código de barras Visto por última vez Precio de reemplazo Tipo de ítem Koha
        Periódicos y Revistas Biblioteca del Ateneo de Madrid Biblioteca del Ateneo de Madrid Sala Palomar 17/01/2008     C-13322-30 1002496 23/02/2023 23/02/2023 Revista